NPB ドラフト1位の選手サドンデス ライオンズ編 - Statistics

General Stats
  • This quiz has been taken 115 times
  • The average score is 5 of 12
Answers on the Grid
Answers color-coded by a green-red scale on the quiz's grid according to % correct below.
松本航
今井達也
髙橋光成
東尾修
伊東勤
清原和博
松坂大輔
高山久
十亀剣
石毛宏典
大久保博元
鈴木健
松井和夫
山川穂高
工藤公康
辻󠄀発彦
石井丈裕
奈良原浩
豊田清
西口文也
赤田将吾
中村剛也
牧田和久
垣内哲也
 
Answer Stats
Answer % Correct
清原和博
79%
松坂大輔
75%
今井達也
72%
髙橋光成
60%
松本航
52%
十亀剣
40%
伊東勤
24%
東尾修
22%
石毛宏典
19%
高山久
15%
鈴木健
15%
大久保博元
7%
No matching quizzes found
Score Distribution
Percent of People with Each Score
Percentile by Number Answered
Your Score History
You have not taken this quiz